Car Brands By Headlights - Statistics

General Stats
  • This quiz has been taken 232 times
  • The average score is 8 of 16
Answer Stats
Picture Answer % Correct
Dodge
85%
Lamborghini
84%
Mazda
81%
Tesla
78%
Porsche
74%
Toyota
59%
Bughatti
56%
Chevrolet
52%
Honda
47%
Ford
31%
Jeep
30%
Volvo
21%
Lexus
20%
Subaru
17%
GMC
16%
Saab
15%
No matching quizzes found
Score Distribution
Percent of People with Each Score
Percentile by Number Answered
Your Score History
You have not taken this quiz